LEADER 03242 am 2200589 n 450 001 9910502600303321 005 20210726 010 $a979-1-03-657730-7 024 7 $a10.4000/books.pup.44760 035 $a(CKB)4100000012052855 035 $a(FrMaCLE)OB-pup-44760 035 $a(oapen)https://directory.doabooks.org/handle/20.500.12854/86343 035 $a(PPN)258323620 035 $a(EXLCZ)994100000012052855 100 $a20211015j|||||||| ||| 0 101 0 $afre 135 $auu||||||m|||| 181 $ctxt$2rdacontent 182 $cc$2rdamedia 183 $acr$2rdacarrier 200 14$aUne noblesse en Méditerranée $eLe couvent des Hospitaliers dans la première modernité /$fAnne Brogini 210 $aAix-en-Provence $cPresses universitaires de Provence$d2021 215 $a1 online resource (358 p.) 225 1 $aLe temps de l?histoire 311 $a979-1-03-200094-6 330 $aOrdre militaire-religieux issu des Croisades, chassé du Levant en 1522, les Hospitaliers de Saint-Jean de Jérusalem, mieux connus sous le nom de chevaliers de Malte, établissent en 1530 leur couvent en Méditerranée occidentale, devenant des acteurs essentiels de l?histoire de l?Europe dans la première modernité. Cet ordre, constitué par la fine fleur de la noblesse européenne, compte aux XVIe-XVIIe siècles un nombre très élevé de nobles français et particulièrement provençaux ; ces derniers représentent le quart des grands-maîtres élus en un siècle et demi. Les chevaliers se spécialisent dans la définition nobiliaire, par l?établissement d?un système d?admissions fondé sur la constitution d?écritures et de généalogies et sur la fourniture de preuves de la pureté du sang et de la race. Cet ordre, symbole d?une perpétuation de la guerre sainte en Méditerranée, est aussi confronté à la diffusion du protestantisme au sein des noblesses européennes, qui l?oblige à conforter son identité religieuse par l?application stricte dans le couvent de la Réforme catholique, ?uvrant à une grande discipline des corps et des m?urs des chevaliers. Dans un couvent dirigé à Malte par des grands-maîtres qui mettent en place une véritable vie de cour, les chevaliers sont également sensibilisés aux théories et aux évolutions politiques qui s?observent en Europe : des conjurations nobiliaires éclatent, qui tentent en vain de résister aux ambitions princières des grands-maîtres. 606 $aHistory 606 $anoblesse 606 $ahospitalier 606 $améditerranée 606 $acouvent 606 $achevalier de malte 606 $aidentité religieuse 610 $anoblesse 610 $ahospitalier 610 $améditerranée 610 $acouvent 610 $achevalier de malte 610 $aidentité religieuse 615 4$aHistory 615 4$anoblesse 615 4$ahospitalier 615 4$améditerranée 615 4$acouvent 615 4$achevalier de malte 615 4$aidentité religieuse 700 $aBrogini$b Anne$0597597 801 0$bFR-FrMaCLE 906 $aBOOK 912 $a9910502600303321 996 $aUne noblesse en Méditerranée$93030879 997 $aUNINA LEADER 03415nam 2200673Ia 450 001 9910781072603321 005 20230725044902.0 010 $a1-282-53158-1 010 $a9786612531583 010 $a1-4008-3489-9 024 7 $a10.1515/9781400834891 035 $a(CKB)2550000000007417 035 $a(EBL)485780 035 $a(OCoLC)593341546 035 $a(SSID)ssj0000334842 035 $a(PQKBManifestationID)11253615 035 $a(PQKBTitleCode)TC0000334842 035 $a(PQKBWorkID)10271986 035 $a(PQKB)11135317 035 $a(MiAaPQ)EBC485780 035 $a(MdBmJHUP)muse36845 035 $a(DE-B1597)446857 035 $a(OCoLC)979581863 035 $a(DE-B1597)9781400834891 035 $a(Au-PeEL)EBL485780 035 $a(CaPaEBR)ebr10367241 035 $a(CaONFJC)MIL253158 035 $a(EXLCZ)992550000000007417 100 $a20090601d2010 uy 0 101 0 $aeng 135 $aur|||||||nn|n 181 $ctxt 182 $cc 183 $acr 200 10$aArion's lyre$b[electronic resource] $earchaic lyric into Hellenistic poetry /$fBenjamin Acosta-Hughes 205 $aCore Textbook 210 $aPrinceton, NJ $cPrinceton University Press$dc2010 215 $a1 online resource (271 p.) 300 $aDescription based upon print version of record. 311 $a0-691-09525-6 320 $aIncludes bibliographical references and index. 327 $t Frontmatter -- $tContents -- $tPreface -- $tAbbreviations -- $tIntroduction -- $tChapter 1. Preserving Her Aeolic Song -- $tChapter 2. Lyric into Elegy -- $tChapter 3. Alcaeus -- $tChapter 4. From Samos to Alexandria -- $tChapter 5. Simonides Recalled -- $tEpilogue. Lyric Transformed -- $tIndex Locorum -- $tSubject Index 330 $aArion's Lyre examines how Hellenistic poetic culture adapted, reinterpreted, and transformed Archaic Greek lyric through a complex process of textual, cultural, and creative reception. Looking at the ways in which the poetry of Sappho, Alcaeus, Ibycus, Anacreon, and Simonides was preserved, edited, and read by Hellenistic scholars and poets, the book shows that Archaic poets often look very different in the new social, cultural, and political setting of Hellenistic Alexandria. For example, the Alexandrian Sappho evolves from the singer of Archaic Lesbos but has distinct associations and contexts, from Ptolemaic politics and Macedonian queens to the new phenomenon of the poetry book and an Alexandrian scholarship intent on preservation and codification. A study of Hellenistic poetic culture and an interpretation of some of the Archaic poets it so lovingly preserved, Arion's Lyre is also an examination of how one poetic culture reads another--and how modern readings of ancient poetry are filtered and shaped by earlier readings. 606 $aGreek poetry$xHistory and criticism 606 $aGreek poetry, Hellenistic$zEgypt$zAlexandria$xHistory and criticism 606 $aIntertextuality 615 0$aGreek poetry$xHistory and criticism. 615 0$aGreek poetry, Hellenistic$xHistory and criticism. 615 0$aIntertextuality. 676 $a884/.0109 686 $aFE 4149$2rvk 700 $aAcosta-Hughes$b Benjamin$f1960-$0472662 801 0$bMiAaPQ 801 1$bMiAaPQ 801 2$bMiAaPQ 906 $aBOOK 912 $a9910781072603321 996 $aArion's lyre$9225494 997 $aUNINA